The invisible link : Japan's sogo shosha and the organization of trade

The Invisible Link gives detailed coverage to such topics as historical evolution of the sogo shosha, strategic responses and competitive dynamics, culture and organization, administrative structures and processes, human resource systems, career outcomes, interunit and interfirm coordination, sectio...

詳細記述

保存先:
書誌詳細
第一著者: Yoshino, M., Y.
フォーマット: 図書
言語:Undetermined
出版事項: Cambridge MIT Press 1986
主題:
タグ: タグ追加
タグなし, このレコードへの初めてのタグを付けませんか!
Thư viện lưu trữ: Trung tâm Học liệu Trường Đại học Cần Thơ
LEADER 01035nam a2200217Ia 4500
001 CTU_89855
008 210402s9999 xx 000 0 und d
082 |a 338.8 
082 |b Y65 
100 |a Yoshino, M., Y. 
245 4 |a The invisible link : 
245 0 |b Japan's sogo shosha and the organization of trade 
245 0 |c M.Y. Yoshino, Thomas B. Lifson 
260 |a Cambridge 
260 |b MIT Press 
260 |c 1986 
520 |a The Invisible Link gives detailed coverage to such topics as historical evolution of the sogo shosha, strategic responses and competitive dynamics, culture and organization, administrative structures and processes, human resource systems, career outcomes, interunit and interfirm coordination, sectional and network organization, and emerging challenges as the nature of the Japanese economy changes. 
650 |a Conglomerate corporations,Tập đoàn, tổng công ty 
650 |z Japan,Nhật Bản 
904 |i Giang 
980 |a Trung tâm Học liệu Trường Đại học Cần Thơ